Graphics Interface 2012 : (رقم التسجيلة. 31695)

تفاصيل مارك
000 -الفاتح
حقل البيانات ثابتة الطول 00958cam a22002774a 4500
001 - رقم الضبط
رقم الضبط 13828968
003 - محدد رقم الضبط
رقم الضبط OSt
005 - وقت وتاريخ اخر تعامل مع التسجيلة
رقم الضبط 20150408114147.0
008 - عناصر البيانات ثابتة الطول - معلومات عامة
حقل البيانات ثابتة الطول 041230s2012 onc 000 0 eng
010 ## - رقم ضبط مكتبة الكونجرس
رقم ضبط مكتبة الكونجرس 2005362064
020 ## - الرقم الدولى المعيارى للكتب
الرقم الدولى المعيارى للكتاب 1568812272
020 ## - الرقم الدولى المعيارى للكتب
الرقم الدولى المعيارى للكتاب 9781450314206
035 ## - رقم ضبط النظام
رقم ضبط النظام (CaONFJC)ct0301900
040 ## - مصدر الفهرسة
وكالة الفهرسة الأصلية DLC
وكالة النسخ DLC
042 ## - رمز التحقق
رمز التحقق pcc
082 ## - رقم تصنيف ديوى العشرى
رقم الطبعة 22
رقم التصنيف 006.6
رقم المادة GRI
111 2# - المدخل الرئيسى - اسم مؤتمر
اسم المؤتمر أو اسم السلطة كمدخل Graphics Interface (Conference)
9 (RLIN) 38914
245 10 - بيان العنوان
العنوان Graphics Interface 2012 :
بقية العنوان proceedings /
بيان المسئوليه,etc BROOKS, STEPHEN
260 ## - PUBLICATION, DISTRIBUTION, ETC. (IMPRINT)
مكان الناشر او الموزع [Mississauga, ON] :
اسم الناشر او الموزع Canadian Human-Computer Communications Society, Sc,
تاريخ النشر أو التوزيع 2012.
300 ## - الوصف المادى
التعداد v, 279 p. :
تفاصيل ماديه اخرى للوعاء ill. (some col.) ;
أبعاد الوعاء 28 cm.
650 ## - المدخل الاضافى بالموضوع-مصطلح موضوعى
مصطلح موضوعي أو اسم جغرافي كعنصر مدخل Computer graphics
التقسيم الفرعي الشكلي Congresses
9 (RLIN) 18878
650 ## - المدخل الاضافى بالموضوع-مصطلح موضوعى
مصطلح موضوعي أو اسم جغرافي كعنصر مدخل Human-computer interaction
التقسيم الفرعي العام Congresses
9 (RLIN) 38915
906 ## - عنصر بيانات محلى F, LDF (RLIN)
a 0
b ibc
c origres
d 2
e ncip
f 20
g y-gencatlg
942 ## - عناصر المدخل الإضافي( كوها)
مصدر التصنيف او مخطط الترفيف Dewey Decimal Classification
Koha [default] item type كتاب
المقتنيات
حالة الفقد نموذج السعر الفعال حالة تلف ليس للاعارة رقم الطلب تاريخ الاكتساب الموقع الحالي الباركود الفرع الرئيسي Date last seen نوع المادة فى نظام كوها مصدر التصنيف او خطة الترفيف Total Checkouts
  2013-11-02     006.6 GRI 2013-11-02 المكتبة المركزية بالمجمعة (CL) 00403623 المكتبة المركزية بالمجمعة (CL) 2013-11-02 كتاب Dewey Decimal Classification  
  2013-11-02     006.6 GRI 2013-11-02 المكتبة المركزية بالمجمعة (CL) 00403624 المكتبة المركزية بالمجمعة (CL) 2013-11-02 كتاب Dewey Decimal Classification  
  2013-11-02     006.6 GRI 2013-11-02 المكتبة المركزية بالمجمعة (CL) 00403625 المكتبة المركزية بالمجمعة (CL) 2013-11-02 كتاب Dewey Decimal Classification  
  2013-11-02     006.6 GRI 2013-11-02 مكتبة مجمع الكليات بالزلفى - طلاب (SZM) 00403626 مكتبة مجمع الكليات بالزلفى - طلاب (SZM) 2013-11-02 كتاب Dewey Decimal Classification  
  2013-11-02     006.6 GRI 2013-11-02 مكتبة مجمع الكليات بالزلفى - طلاب (SZM) 00403627 مكتبة مجمع الكليات بالزلفى - طلاب (SZM) 2013-11-02 كتاب Dewey Decimal Classification